Diabetes a to z : (Record no. 55293)
[ view plain ]
| 000 -LEADER | |
|---|---|
| fixed length control field | 01866nam a22002897a 4500 |
| 005 - DATE AND TIME OF LATEST TRANSACTION | |
| control field | 20110811162711.0 |
| 010 ## - LCCN (DPL NO) | |
| LC control number | B-428673-677 |
| 020 ## - INTERNATIONAL STANDARD BOOK NUMBER | |
| International Standard Book Number | 8176492310 |
| Terms of availability | 195.00 |
| 035 ## - SYSTEM CONTROL NUMBER | |
| System control number | B-428673-677 |
| 037 ## - SOURCE OF ACQUISITION | |
| Source of stock number/acquisition | Researchco Book Centre |
| 082 ## - DEWEY DECIMAL CLASSIFICATION NUMBER | |
| Classification number | 616.462 |
| 245 ## - TITLE STATEMENT | |
| Title | Diabetes a to z : |
| Remainder of title | what you need to know about diabetes-simply put / |
| Statement of responsibility, etc | by American Diabetes Association |
| 250 ## - EDITION STATEMENT | |
| Edition statement | 5th ed |
| 260 ## - PUBLICATION, DISTRIBUTION, ETC. (IMPRINT) | |
| Place of publication, distribution, etc | New Delhi |
| Name of publisher, distributor, etc | Viva Books, |
| Date of publication, distribution, etc | 2004 |
| 260 ## - PUBLICATION, DISTRIBUTION, ETC. (IMPRINT) | |
| Place of publication, distribution, etc | Virginia |
| Name of publisher, distributor, etc | American Diabetes Association |
| Date of publication, distribution, etc | c2004 |
| 270 ## - ADDRESS | |
| Address | 4262/3, Ansari Road, Darya Ganj |
| City | New Delhi |
| Postal code | 110002 |
| 300 ## - PHYSICAL DESCRIPTION | |
| Extent | vii, 204 p. |
| Dimensions | 22cm (Pbk) |
| 500 ## - GENERAL NOTE | |
| General note | Includes index |
| 650 ## - SUBJECT ADDED ENTRY--TOPICAL TERM | |
| Topical term or geographic name as entry element | Diabetes |
| 942 ## - ADDED ENTRY ELEMENTS (KOHA) | |
| Source of classification or shelving scheme | Dewey Decimal Classification |
| Item type | English Books |
| Classification part | 616.462 |
| Call number suffix | DIA |
| Withdrawn status | Lost status | Not for loan | Collection code | Home library | Current library | Date acquired | Source of acquisition | Cost, normal purchase price | Full call number | Barcode | Copy number | Cost, replacement price | Koha item type |
|---|---|---|---|---|---|---|---|---|---|---|---|---|---|
| Non-fiction | Bawana | Bawana | 16/08/2011 | Researchco Book Centre/RBC-22425/2011-12/17.3.11/76/4.3.11/30.3.11 | 195.00 | 616.462 DIA | B-428676 | 1 | 195.00 | English Books | |||
| Written-off vide DLB M. No. 383 dt 16.05.19 | Non-fiction | Central Library | Central Library | 16/08/2011 | Researchco Book Centre/RBC-22425/2011-12/17.3.11/76/4.3.11/30.3.11 | 195.00 | 616.462 DIA | B-428673 | 1 | 195.00 | English Books | ||
| Non-fiction | Patel Nagar | Patel Nagar | 16/08/2011 | Researchco Book Centre/RBC-22425/2011-12/17.3.11/76/4.3.11/30.3.11 | 195.00 | 616.462 DIA | B-428674 | 1 | 195.00 | English Books | |||
| Non-fiction | Sarojini Nagar | Sarojini Nagar | 16/08/2011 | Researchco Book Centre/RBC-22425/2011-12/17.3.11/76/4.3.11/30.3.11 | 195.00 | 616.462 DIA | B-428675 | 1 | 195.00 | English Books | |||
| Non-fiction | Shahdara Branch | Shahdara Branch | 16/08/2011 | Researchco Book Centre/RBC-22425/2011-12/17.3.11/76/4.3.11/30.3.11 | 195.00 | 616.462 DIA | B-428677 | 1 | 195.00 | English Books |
